[Event "CRO-chT1B 29th"]
[Site "Mali Losinj"]
[Date "2021.09.25"]
[Round "1.26"]
[White "Vargic, Drago"]
[Black "Sokac, Marko"]
[Result "1/2-1/2"]
[WhiteElo "2276"]
[BlackElo "2287"]
[PlyCount "160"]
[EventDate "2021.09.25"]
[EventType "team-tourn"]
[EventRounds "11"]
[EventCountry "CRO"]
[SourceTitle "CBM 204 Extra"]
[Source "ChessBase"]
[SourceDate "2021.11.30"]
[SourceVersion "1"]
[SourceVersionDate "2021.11.30"]
[SourceQuality "1"]
[WhiteTeam "Djakovo Limmont"]
[BlackTeam "Novo Virje Konaki"]
[WhiteTeamCountry "CRO"]
[BlackTeamCountry "CRO"]

1. e4 d6 2. d4 Nf6 3. Nc3 c6 4. Nf3 Bg4 5. Be2 e6 6. 0-0 Be7 7. h3 Bh5 8. Be3 d5 9. e5 Nfd7 10. Ne1 Bg6 11. f4 c5 12. dxc5 Nxc5 13. Nxd5 exd5 14. f5 Nc6 15. e6 Nxe6 16. fxg6 hxg6 17. Bf3 d4 18. Bd2 Qd6 19. Nd3 0-0 20. b4 Rab8 21. Qe2 Bg5 22. Rae1 Bxd2 23. Qxd2 b5 24. Re2 Rbe8 25. Rfe1 Nc7 26. Rxe8 Rxe8 27. Rxe8+ Nxe8 28. Qg5 a6 29. Qd5 Qxd5 30. Bxd5 Nd8 31. Nc5 Nc7 32. Bf3 Kf8 33. Kf2 Ke7 34. Ke2 Nde6 35. Nb3 Kd6 36. Kd3 Nd5 37. a3 Ke5 38. g3 f5 39. h4 f4 40. g4 Ne3 41. Nd2 Nc7 42. Be4 Nxg4 43. Nf3+ Kd6 44. Kxd4 Ne6+ 45. Kc3 Ne5 46. Nd2 g5 47. hxg5 Nxg5 48. Bb7 Ne6 49. Bxa6 Nc7 50. Bb7 Ke6 51. Kd4 g5 52. Ne4 Nf3+ 53. Kc5 Ke5 54. Nf2 Nh2 55. Nd3+ Kf5 56. Kc6 Ne6 57. Kxb5 Nd4+ 58. Kc5 Nxc2 59. a4 g4 60. Nf2 g3 61. Bc8+ Kg6 62. Nh3 f3 63. a5 f2 64. Nxf2 gxf2 65. Bh3 Ne1 66. a6 Nd3+ 67. Kb6 Nf4 68. a7 Nxh3 69. a8Q f1Q 70. Qe4+ Kf6 71. Qd4+ Kf5 72. Qd7+ Kg5 73. Qd2+ Qf4 74. Qxf4+ Nxf4 75. b5 Ne6 76. Ka7 Nf3 77. b6 Ne5 78. b7 Nc6+ 79. Kb6 Nb8 80. Ka7 Nd8 1/2-1/2

[Event "CRO-chT1A 28th"]
[Site "Mali Losinj"]
[Date "2019.10.04"]
[Round "7.26"]
[White "Vargic, Drago"]
[Black "Muse, Mladen"]
[Result "1/2-1/2"]
[WhiteElo "2273"]
[BlackElo "2387"]
[PlyCount "26"]
[EventDate "2019.09.28"]
[EventType "team-tourn"]
[EventRounds "9"]
[EventCountry "CRO"]
[SourceTitle "EXT 2020"]
[Source "ChessBase"]
[SourceDate "2019.10.17"]
[SourceVersion "1"]
[SourceVersionDate "2019.10.17"]
[SourceQuality "1"]
[WhiteTeam "Dakovo Limont"]
[BlackTeam "Solin Cemex"]
[WhiteTeamCountry "CRO"]
[BlackTeamCountry "CRO"]

1. e4 g6 2. d4 Bg7 3. Nc3 c6 4. Nf3 d5 5. exd5 cxd5 6. Bf4 Nf6 7. Qd2 0-0 8. Bh6 Nc6 9. Bxg7 Kxg7 10. Ne5 Be6 11. f3 Rc8 12. Bb5 Nxe5 13. dxe5 Nd7 1/2-1/2

[Event "CRO-chT1A 28th"]
[Site "Mali Losinj"]
[Date "2019.10.02"]
[Round "5.16"]
[White "Medak, Bojan"]
[Black "Vargic, Drago"]
[Result "1-0"]
[WhiteElo "2351"]
[BlackElo "2273"]
[PlyCount "73"]
[EventDate "2019.09.28"]
[EventType "team-tourn"]
[EventRounds "9"]
[EventCountry "CRO"]
[SourceTitle "EXT 2020"]
[Source "ChessBase"]
[SourceDate "2019.10.17"]
[SourceVersion "1"]
[SourceVersionDate "2019.10.17"]
[SourceQuality "1"]
[WhiteTeam "Kastel Novi"]
[BlackTeam "Dakovo Limont"]
[WhiteTeamCountry "CRO"]
[BlackTeamCountry "CRO"]

1. c4 e6 2. Nf3 c5 3. Nc3 Nf6 4. g3 d5 5. d4 dxc4 6. Qa4+ Bd7 7. Qxc4 cxd4 8. Nxd4 Nc6 9. Bg2 Rc8 10. 0-0 Be7 11. Rd1 Na5 12. Qd3 0-0 13. Ndb5 a6 14. Nd6 Rb8 15. Bf4 Nc6 16. Nde4 e5 17. Nxf6+ Bxf6 18. Qxd7 exf4 19. Qf5 Nd4 20. Qxf4 Qb6 21. Rd2 Ne6 22. Nd5 Qa5 23. Nxf6+ gxf6 24. Qe3 Rfe8 25. Rd5 Qb4 26. Qd2 Qc4 27. b3 Qc7 28. Rc1 Qb6 29. Rc4 Rbd8 30. h4 Rxd5 31. Qxd5 Rd8 32. Qf5 Nd4 33. Qg4+ Kf8 34. e3 Ne6 35. Qf3 Qa5 36. Qxf6 Qd2 37. Bh3 1-0

[Event "CRO Cup"]
[Site "Mali Losinj"]
[Date "2019.05.17"]
[Round "4.54"]
[White "Vargic, Drago"]
[Black "Tomasic, Roland"]
[Result "1-0"]
[WhiteElo "2274"]
[BlackElo "2133"]
[PlyCount "109"]
[EventDate "2019.05.15"]
[EventType "team-swiss"]
[EventRounds "6"]
[EventCountry "CRO"]
[SourceTitle "CBM 190 Extra"]
[Source "ChessBase"]
[SourceDate "2019.07.15"]
[SourceVersion "1"]
[SourceVersionDate "2019.07.15"]
[SourceQuality "1"]
[WhiteTeam "Dakovo"]
[BlackTeam "Strigova Stridon"]
[WhiteTeamCountry "CRO"]
[BlackTeamCountry "CRO"]

1. e4 c5 2. Nf3 d6 3. Bb5+ Nd7 4. 0-0 Ngf6 5. Re1 e6 6. c3 a6 7. Bf1 Be7 8. d4 cxd4 9. cxd4 d5 10. e5 Ne4 11. Nc3 Nxc3 12. bxc3 Nf8 13. g3 Bd7 14. Qb3 Bc6 15. h4 Qa5 16. a4 Nd7 17. Bd2 Rc8 18. Bd3 Qd8 19. Ng5 h6 20. Nh3 g5 21. hxg5 hxg5 22. Kg2 Rg8 23. Qd1 Rc7 24. Qh5 Nf8 25. Rf1 g4 26. Nf4 Qd7 27. Bc2 Qd8 28. f3 gxf3+ 29. Rxf3 Bg5 30. Raf1 Bxf4 31. Bxf4 Rd7 32. Bc1 Qc7 33. Ba3 b5 34. Bd6 Qa7 35. Bc5 Qb7 36. Qh6 f5 37. Bxf8 Rxf8 38. Qxe6+ Kd8 39. Rxf5 Rxf5 40. Qxf5 Re7 41. Qf8+ Be8 42. Rf6 bxa4 43. Rd6+ Kc8 44. Bf5+ Kb8 45. Rd7 Rxd7 46. Qxe8+ Ka7 47. Bxd7 a3 48. Bc6 Qb2+ 49. Kh3 Qxc3 50. Qd7+ Kb6 51. Qb7+ Ka5 52. Qc7+ Kb4 53. Qb6+ Kc4 54. Qc5+ Kd3 55. Bxd5 1-0

[Event "CRO Cup"]
[Site "Mali Losinj"]
[Date "2018.05.16"]
[Round "1.94"]
[White "Vargic, Drago"]
[Black "Petrovic, Neven"]
[Result "1-0"]
[WhiteElo "2283"]
[BlackElo "1888"]
[PlyCount "43"]
[EventDate "2018.05.16"]
[EventType "team-swiss"]
[EventRounds "6"]
[EventCountry "CRO"]
[SourceTitle "CBM 184 Extra"]
[Source "ChessBase"]
[SourceDate "2018.06.28"]
[SourceVersion "1"]
[SourceVersionDate "2018.06.28"]
[SourceQuality "1"]
[WhiteTeam "Djakovo"]
[BlackTeam "Mali Losinj"]
[WhiteTeamCountry "CRO"]
[BlackTeamCountry "CRO"]

1. e4 d6 2. d4 Nf6 3. Nc3 g6 4. f4 Bg7 5. Nf3 0-0 6. e5 dxe5 7. fxe5 Nfd7 8. Bf4 e6 9. Qd2 c5 10. 0-0-0 Qa5 11. Bb5 a6 12. Bxd7 Nxd7 13. Bh6 cxd4 14. Bxg7 Kxg7 15. Qxd4 b5 16. h4 b4 17. Ne4 Bb7 18. h5 Qd5 19. hxg6 Qxd4 20. Rxd4 Kxg6 21. Ned2 f5 22. Rxd7 1-0

[Event "CRO-chT1B 25th"]
[Site "Sibenik"]
[Date "2016.10.14"]
[Round "7.2"]
[White "Jusic, Zdenko"]
[Black "Vargic, Drago"]
[Result "0-1"]
[WhiteElo "2254"]
[BlackElo "2304"]
[PlyCount "92"]
[EventDate "2016.10.08"]
[EventType "team-tourn"]
[EventRounds "9"]
[EventCountry "CRO"]
[SourceTitle "EXT 2017"]
[Source "ChessBase"]
[SourceDate "2016.10.25"]
[SourceVersion "1"]
[SourceVersionDate "2016.10.25"]
[SourceQuality "1"]
[WhiteTeam "Bibinje Goran"]
[BlackTeam "Djakovo"]
[WhiteTeamCountry "CRO"]
[BlackTeamCountry "CRO"]

1. e4 e6 2. d4 d5 3. e5 c5 4. c3 Nc6 5. Nf3 Bd7 6. Be2 Nge7 7. Na3 Nf5 8. Nc2 cxd4 9. cxd4 Nb4 10. 0-0 Nxc2 11. Qxc2 Qb6 12. Qd3 a6 13. a4 Bb4 14. h4 Rc8 15. g4 Ne7 16. h5 h6 17. Qe3 Nc6 18. g5 hxg5 19. Qxg5 Bf8 20. Qg4 Ne7 21. Bd2 Nf5 22. b4 Nh6 23. Qg2 Rc2 24. Rfd1 Rb2 25. Kf1 Nf5 26. a5 Qd8 27. Rab1 Rxb1 28. Rxb1 Rxh5 29. b5 axb5 30. Rxb5 Qc8 31. Qg4 g6 32. Rb6 Be7 33. a6 bxa6 34. Bxa6 Qa8 35. Bd3 Kf8 36. Ke2 Kg7 37. Qg1 Bd8 38. Ra6 Qb8 39. Ra3 Bb5 40. Qb1 Bxd3+ 41. Qxd3 Rh3 42. Rb3 Qa7 43. Ra3 Nxd4+ 44. Kf1 Rxf3 45. Bh6+ Kxh6 46. Qd2+ Bg5 0-1

[Event "CRO-chT1B 25th"]
[Site "Sibenik"]
[Date "2016.10.10"]
[Round "3.4"]
[White "Ciganovic, Nikola"]
[Black "Vargic, Drago"]
[Result "1-0"]
[WhiteElo "2197"]
[BlackElo "2304"]
[PlyCount "79"]
[EventDate "2016.10.08"]
[EventType "team-tourn"]
[EventRounds "9"]
[EventCountry "CRO"]
[SourceTitle "EXT 2017"]
[Source "ChessBase"]
[SourceDate "2016.10.25"]
[SourceVersion "1"]
[SourceVersionDate "2016.10.25"]
[SourceQuality "1"]
[WhiteTeam "Pula"]
[BlackTeam "Djakovo"]
[WhiteTeamCountry "CRO"]
[BlackTeamCountry "CRO"]

1. e4 e6 2. d4 d5 3. Nc3 Nf6 4. e5 Nfd7 5. f4 c5 6. Nf3 Nc6 7. Be3 a6 8. Qd2 b5 9. dxc5 Nxc5 10. Qf2 b4 11. Bxc5 bxc3 12. Bxf8 cxb2 13. Rb1 Qa5+ 14. Nd2 Rxf8 15. Rxb2 Qc3 16. Rb6 f6 17. exf6 Rxf6 18. Be2 e5 19. Qg3 Qa1+ 20. Rb1 Qd4 21. Qxg7 Qxf4 22. Rf1 Qh4+ 23. g3 Rxf1+ 24. Nxf1 Qe4 25. Kf2 Qxc2 26. Ne3 Qxb1 27. Nxd5 Qf5+ 28. Ke3 Ra7 29. Bh5+ Qxh5 30. Nf6+ Kd8 31. Qg8+ Ke7 32. Nxh5 Be6 33. Qxh7+ Kd6 34. Qh6 Ne7 35. Ng7 Nd5+ 36. Ke4 Nc7 37. Qf6 Ra8 38. Qxe5+ Kd7 39. Nxe6 Nxe6 40. Qd5+ 1-0

[Event "CRO-chT1B 25th"]
[Site "Sibenik"]
[Date "2016.10.08"]
[Round "1.5"]
[White "Malenica, Mario"]
[Black "Vargic, Drago"]
[Result "1-0"]
[WhiteElo "2202"]
[BlackElo "2304"]
[PlyCount "79"]
[EventDate "2016.10.08"]
[EventType "team-tourn"]
[EventRounds "9"]
[EventCountry "CRO"]
[SourceTitle "EXT 2017"]
[Source "ChessBase"]
[SourceDate "2016.10.25"]
[SourceVersion "1"]
[SourceVersionDate "2016.10.25"]
[SourceQuality "1"]
[WhiteTeam "Sibenik"]
[BlackTeam "Djakovo"]
[WhiteTeamCountry "CRO"]
[BlackTeamCountry "CRO"]

1. Nf3 e6 2. g3 c5 3. Bg2 Nc6 4. 0-0 h5 5. e4 h4 6. c3 hxg3 7. hxg3 Nf6 8. Re1 Be7 9. d4 cxd4 10. cxd4 d5 11. e5 Ng4 12. Nc3 Bd7 13. a3 Na5 14. b4 Nc4 15. Nd2 Nxd2 16. Qxg4 Nb3 17. Rb1 Nxc1 18. Qxg7 Rh5 19. Rbxc1 Rg5 20. Qh8+ Bf8 21. Ne2 Rc8 22. Nf4 Rxc1 23. Rxc1 Rg4 24. Bf3 Rxf4 25. gxf4 Qb6 26. Rc5 Qa6 27. Bh5 Qd3 28. Qf6 Qh7 29. Rc7 Qxh5 30. Rxb7 Qd1+ 31. Kh2 Qc2 32. Kg3 Qc8 33. Rxa7 Be7 34. Qh8+ Bf8 35. f5 exf5 36. Qf6 Be7 37. Qb6 Qc3+ 38. Kh2 Bc8 39. Rc7 Be6 40. Rxc3 1-0

[Event "CRO Cup"]
[Site "Mali Losinj"]
[Date "2016.05.05"]
[Round "3.44"]
[White "Nikolic, Emil"]
[Black "Vargic, Drago"]
[Result "0-1"]
[WhiteElo "2117"]
[BlackElo "2295"]
[PlyCount "132"]
[EventDate "2016.05.04"]
[EventType "team-swiss"]
[EventRounds "6"]
[EventCountry "CRO"]
[SourceTitle "CBM 172 Extra"]
[Source "ChessBase"]
[SourceDate "2016.06.21"]
[SourceVersion "1"]
[SourceVersionDate "2016.06.21"]
[SourceQuality "1"]
[WhiteTeam "Sesvete Sljeme"]
[BlackTeam "Djakovo Limmont"]
[WhiteTeamCountry "CRO"]
[BlackTeamCountry "CRO"]

1. c4 e6 2. g3 c5 3. Nf3 Nc6 4. Bg2 a6 5. Nc3 h5 6. h3 Nf6 7. 0-0 h4 8. Nxh4 g5 9. Nf3 g4 10. Nh4 Be7 11. hxg4 Nxg4 12. e3 Nge5 13. Nf3 Nxc4 14. d3 Nd6 15. e4 b6 16. d4 cxd4 17. Nxd4 Bb7 18. Bf4 Nc4 19. b3 e5 20. Nxc6 dxc6 21. Bc1 Nd6 22. a4 Qd7 23. Be3 Qe6 24. Bxb6 Qh6 25. Re1 a5 26. Be3 Qh2+ 27. Kf1 f5 28. exf5 Nxf5 29. Qg4 Ba6+ 30. Nb5 Bc8 31. Bxc6+ Kf8 32. Qf3 Ra6 33. Rac1 Kg7 34. Qg4+ Kf8 35. Qf3 Kg7 36. Nc7 Rf8 37. Bf4 Bd6 38. Ne8+ Rxe8 39. Bxe8 Nd4 40. Bxe5+ Bxe5 41. Qf7+ Kh6 42. Qf8+ Bg7 43. Qf4+ Kh7 44. Qh4+ Qxh4 45. gxh4 Bh3+ 46. Kg1 Nf3+ 47. Kh1 Nxe1 48. Rxe1 Rf6 49. Re3 Bc8 50. Kg2 Bf8 51. f3 Bb7 52. h5 Kh6 53. Bg6 Bc5 54. Rc3 Bd4 55. Rd3 Rf4 56. Kg3 Kg5 57. Kg2 Rg4+ 58. Kh3 Rh4+ 59. Kg2 Be5 60. Kf2 Kf4 61. Kg2 Rg4+ 62. Kf2 Rg3 63. Bf7 Bxf3 64. h6 Rg2+ 65. Kf1 Rh2 66. Kg1 Kg3 0-1

[Event "CRO-chT1B 24th"]
[Site "Bol"]
[Date "2015.10.08"]
[Round "6.35"]
[White "Vargic, Drago"]
[Black "Muskardin, Mario"]
[Result "0-1"]
[WhiteElo "2306"]
[BlackElo "2278"]
[PlyCount "97"]
[EventDate "2015.10.03"]
[EventType "team-tourn"]
[EventRounds "9"]
[EventCountry "CRO"]
[SourceTitle "CBM 168 Extra"]
[Source "ChessBase"]
[SourceDate "2015.10.29"]
[SourceVersion "1"]
[SourceVersionDate "2015.10.29"]
[SourceQuality "1"]
[WhiteTeam "Djakovo Limmont"]
[BlackTeam "Koprivnica Podravka"]
[WhiteTeamCountry "CRO"]
[BlackTeamCountry "CRO"]

1. e4 d6 2. d4 Nf6 3. Nc3 e5 4. Nf3 Nbd7 5. Bc4 Be7 6. 0-0 0-0 7. Re1 c6 8. a4 a5 9. h3 exd4 10. Nxd4 Nc5 11. Bf4 Be6 12. Nxe6 fxe6 13. Bg3 d5 14. e5 Nfd7 15. Bf1 Bh4 16. Bxh4 Qxh4 17. g3 Qb4 18. h4 Rf5 19. f4 Qxb2 20. Qd2 Nb3 21. Reb1 Qxb1 22. Nxb1 Nxd2 23. Nxd2 Rff8 24. Nb3 g6 25. Be2 h6 26. Nd4 Rae8 27. Bg4 Kf7 28. Kg2 Nc5 29. Ra3 Re7 30. Ra1 Ra8 31. Be2 Ke8 32. Kh3 Kd7 33. Kg2 Rg8 34. Nf3 Kc7 35. Ra3 Reg7 36. Ra1 g5 37. fxg5 hxg5 38. h5 g4 39. Nd4 Rg5 40. Rh1 Rh8 41. h6 Rg6 42. h7 Rg7 43. Bd3 Kd7 44. Rh6 Nxd3 45. cxd3 Rgxh7 46. Rxe6 Rh6 47. Rxh6 Rxh6 48. Nf5 Re6 49. d4 0-1

[Event "CRO-chT1B 24th"]
[Site "Bol"]
[Date "2015.10.06"]
[Round "4.45"]
[White "Vargic, Drago"]
[Black "Vlaic, Branko"]
[Result "1-0"]
[WhiteElo "2306"]
[BlackElo "2223"]
[PlyCount "121"]
[EventDate "2015.10.03"]
[EventType "team-tourn"]
[EventRounds "9"]
[EventCountry "CRO"]
[SourceTitle "CBM 168 Extra"]
[Source "ChessBase"]
[SourceDate "2015.10.29"]
[SourceVersion "1"]
[SourceVersionDate "2015.10.29"]
[SourceQuality "1"]
[WhiteTeam "Djakovo Limmont"]
[BlackTeam "Sibenik"]
[WhiteTeamCountry "CRO"]
[BlackTeamCountry "CRO"]

1. e4 e6 2. d4 d5 3. Nc3 Bb4 4. e5 Ne7 5. a3 Bxc3+ 6. bxc3 h6 7. Qg4 Kf8 8. h4 c5 9. Rh3 Nbc6 10. a4 Qa5 11. dxc5 Nxe5 12. Qf4 N7c6 13. Bb5 Qc7 14. Kf1 Qe7 15. h5 Nd7 16. Re3 Nf6 17. Be2 e5 18. Qh4 Ng4 19. Qxe7+ Kxe7 20. Rg3 Nf6 21. Rxg7 Ne4 22. f3 Nxc3 23. Bd3 d4 24. Ne2 Nd5 25. Rb1 Nf6 26. Bc4 Nd8 27. c6 bxc6 28. Ba3+ Ke8 29. Ng3 Be6 30. Bd3 Kd7 31. a5 Kc7 32. a6 Ne8 33. Rh7 Rxh7 34. Bxh7 Bc4+ 35. Bd3 Bxd3+ 36. cxd3 Nf6 37. Bf8 Ng8 38. Nf5 Kd7 39. g4 Ke8 40. Bd6 Kd7 41. Bxe5 c5 42. Rb7+ Ke6 43. f4 f6 44. Ng7+ Kd5 45. Rd7+ Kc6 46. Rd6+ Kb5 47. Bxf6 Nc6 48. Nf5 Nb4 49. Ke2 Nxa6 50. g5 hxg5 51. fxg5 Nc7 52. h6 Nxf6 53. Rxf6 Nd5 54. Rd6 Nf4+ 55. Kd2 Re8 56. h7 Re2+ 57. Kd1 Rh2 58. Nh6 Rh1+ 59. Kd2 Rh2+ 60. Ke1 Nxd3+ 61. Kf1 1-0

[Event "CRO-chT1B 24th"]
[Site "Bol"]
[Date "2015.10.05"]
[Round "3.25"]
[White "Jukic, Zdenko"]
[Black "Vargic, Drago"]
[Result "1/2-1/2"]
[WhiteElo "2268"]
[BlackElo "2306"]
[PlyCount "62"]
[EventDate "2015.10.03"]
[EventType "team-tourn"]
[EventRounds "9"]
[EventCountry "CRO"]
[SourceTitle "CBM 168 Extra"]
[Source "ChessBase"]
[SourceDate "2015.10.29"]
[SourceVersion "1"]
[SourceVersionDate "2015.10.29"]
[SourceQuality "1"]
[WhiteTeam "Vukovar 91"]
[BlackTeam "Djakovo Limmont"]
[WhiteTeamCountry "CRO"]
[BlackTeamCountry "CRO"]

1. e4 e6 2. d4 d5 3. exd5 exd5 4. Nf3 Bd6 5. Bd3 Nf6 6. h3 0-0 7. 0-0 h6 8. c3 c6 9. Re1 Re8 10. Rxe8+ Qxe8 11. Qe1 Qxe1+ 12. Nxe1 Nbd7 13. b3 Nf8 14. Ba3 Bxa3 15. Nxa3 Bd7 16. Nf3 Re8 17. Re1 Rxe1+ 18. Nxe1 Be6 19. Nac2 N8d7 20. Ne3 Ne8 21. Bf5 Nf8 22. Bxe6 Nxe6 23. Nd3 Nd6 24. f3 f6 25. Kf2 Kf8 26. Ke2 Ke7 27. Kd2 Kd7 28. a4 a5 29. h4 h5 30. g3 g6 31. Ke2 Ke7 1/2-1/2

[Event "CRO-CupT final"]
[Site "Sibenik"]
[Date "2015.05.24"]
[Round "6.8"]
[White "Vargic, Drago"]
[Black "Starcevic, Kresimir"]
[Result "0-1"]
[WhiteElo "2318"]
[BlackElo "2112"]
[PlyCount "106"]
[EventDate "2015.05.20"]
[EventType "team-swiss"]
[EventRounds "6"]
[EventCountry "CRO"]
[SourceTitle "CBM 166 Extra"]
[Source "ChessBase"]
[SourceDate "2015.06.18"]
[SourceVersion "1"]
[SourceVersionDate "2015.06.18"]
[SourceQuality "1"]
[WhiteTeam "Djakovo"]
[BlackTeam "Zagreb Koncar"]
[WhiteTeamCountry "CRO"]
[BlackTeamCountry "CRO"]

1. e4 e6 2. d4 d5 3. Nc3 Bb4 4. e5 c5 5. a3 Bxc3+ 6. bxc3 Ne7 7. Qg4 Qc7 8. Qxg7 Rg8 9. Qxh7 cxd4 10. Ne2 Nbc6 11. f4 Bd7 12. Qd3 dxc3 13. Rb1 Nf5 14. Qxc3 0-0-0 15. Bd2 d4 16. Qd3 f6 17. exf6 e5 18. f7 Rg7 19. g3 e4 20. Qb3 e3 21. Bb4 Nxb4 22. axb4 Qc6 23. Rg1 Be6 24. Qa3 Kb8 25. b5 Qxc2 26. Rb2 Qc8 27. b6 a6 28. f8Q Rxf8 29. Bh3 Rd8 30. Qd3 Qc5 31. g4 Nh4 32. Rc2 Qxb6 33. Rg3 Qb1+ 34. Nc1 Qb4+ 35. Kd1 b5 36. Qe4 Bb3 37. Nxb3 Qxb3 38. Qe5+ Ka8 39. Qe4+ Ka7 40. Kc1 Qa3+ 41. Kb1 Re7 42. Qc6 d3 43. Rc3 Qb4+ 44. Ka2 e2 45. Re3 Qa5+ 46. Ra3 Rc7 47. Re7 Qd2+ 48. Kb3 Qc2+ 49. Qxc2 dxc2 50. Rxc7+ Kb6 51. Ra1 Kxc7 52. Kxc2 Nf3 53. Bf1 e1Q 0-1

[Event "CRO-chT1A"]
[Site "Bol"]
[Date "2014.10.12"]
[Round "9.4"]
[White "Brumen, Dinko"]
[Black "Vargic, Drago"]
[Result "1/2-1/2"]
[WhiteElo "2351"]
[BlackElo "2329"]
[PlyCount "159"]
[EventDate "2014.10.04"]
[EventType "team-tourn"]
[EventRounds "9"]
[EventCountry "CRO"]
[SourceTitle "CBM 162 Extra"]
[Source "ChessBase"]
[SourceDate "2014.10.17"]
[SourceVersion "1"]
[SourceVersionDate "2014.10.17"]
[SourceQuality "1"]
[WhiteTeam "Zagreb Mladost"]
[BlackTeam "Djakovo"]
[WhiteTeamCountry "CRO"]
[BlackTeamCountry "CRO"]

1. d4 e6 2. Nf3 Nf6 3. Bg5 c5 4. e3 Qb6 5. Qc1 Ne4 6. Bf4 Nc6 7. c3 Be7 8. Nbd2 f5 9. Bd3 g5 10. Bg3 d5 11. Ne5 Nxg3 12. hxg3 Nxe5 13. dxe5 Bd7 14. c4 dxc4 15. Nxc4 Qc7 16. a4 0-0-0 17. Qc3 h5 18. a5 Bc6 19. 0-0-0 Bxg2 20. Nd6+ Kb8 21. Nf7 Bxh1 22. Rxh1 Qc6 23. Rh2 h4 24. Nxh8 Rxh8 25. Bf1 h3 26. a6 g4 27. Qb3 b6 28. Bc4 Rh6 29. Qd1 Kc7 30. Be2 Qd5 31. Qa4 Rh8 32. Qf4 Rd8 33. e4 fxe4 34. Bxg4 Qc4+ 35. Kb1 Qf1+ 36. Qc1 Qd3+ 37. Qc2 Qxa6 38. Rxh3 Rd4 39. Rh7 Kd8 40. Rh8+ Kd7 41. Be2 b5 42. Rh7 Qb6 43. Qc1 c4 44. Qg5 Qc5 45. Bg4 e3 46. Qxe3 b4 47. Qf3 Qd5 48. Qxd5+ Rxd5 49. f4 b3 50. Kc1 a5 51. Rh6 Rd3 52. Bxe6+ Kc7 53. Rh7 Kd8 54. Bxc4 Rxg3 55. Rh8+ Kc7 56. Rh7 Kd8 57. Kd2 a4 58. f5 Bb4+ 59. Ke2 Bc5 60. e6 Rg2+ 61. Kd3 Rf2 62. Rh8+ Ke7 63. Ra8 a3 64. bxa3 b2 65. Ba2 Rxf5 66. a4 b1Q+ 67. Bxb1 Kxe6 68. Kc4 Rg5 69. a5 Kd6 70. Ra6+ Kc7 71. Rh6 Be3 72. Rh7+ Kb8 73. Re7 Bd2 74. a6 Ra5 75. Rb7+ Kc8 76. Rb6 Be3 77. Re6 Bf2 78. Be4 Kd7 79. Rh6 Ra4+ 80. Kd5 1/2-1/2

[Event "CRO-chT1A"]
[Site "Bol"]
[Date "2014.10.06"]
[Round "3.4"]
[White "Vargic, Drago"]
[Black "Feletar, Darko"]
[Result "0-1"]
[WhiteElo "2329"]
[BlackElo "2366"]
[PlyCount "94"]
[EventDate "2014.10.04"]
[EventType "team-tourn"]
[EventRounds "9"]
[EventCountry "CRO"]
[SourceTitle "CBM 162 Extra"]
[Source "ChessBase"]
[SourceDate "2014.10.17"]
[SourceVersion "1"]
[SourceVersionDate "2014.10.17"]
[SourceQuality "1"]
[WhiteTeam "Djakovo"]
[BlackTeam "Osijek"]
[WhiteTeamCountry "CRO"]
[BlackTeamCountry "CRO"]

1. e4 c5 2. d3 g6 3. f4 Bg7 4. Nf3 Nc6 5. Be2 d6 6. 0-0 Nf6 7. Qe1 c4 8. Kh1 cxd3 9. Bxd3 Bg4 10. Nc3 Rc8 11. e5 Nh5 12. Ng5 dxe5 13. h3 Bf5 14. Bxf5 gxf5 15. Qh4 Nf6 16. fxe5 Nxe5 17. Qf4 Nh5 18. Qh4 Nf6 19. Be3 h6 20. Nf3 Nc4 21. Bd4 e6 22. Rad1 Qe7 23. b3 Nb6 24. Nb5 Nbd7 25. Be5 0-0 26. Bd6 Qd8 27. Bxf8 Qxf8 28. c4 a6 29. Nd6 Rb8 30. b4 Qd8 31. c5 Qc7 32. Rfe1 b6 33. Nd4 bxc5 34. N4xf5 exf5 35. Re7 Rxb4 36. Qf2 Bf8 37. Qg3+ Ng4 38. Re8 Ndf6 39. Rc8 Qd7 40. hxg4 Ne4 41. Qh4 Nxd6 42. Rd8 Qa4 43. R1xd6 Rb1+ 44. Kh2 Qf4+ 45. Qg3 Rh1+ 46. Kxh1 Qxg3 47. gxf5 Qxd6 0-1

[Event "CRO-chT1A"]
[Site "Bol"]
[Date "2014.10.04"]
[Round "1.3"]
[White "Vargic, Drago"]
[Black "Radocaj, Denis"]
[Result "1-0"]
[WhiteElo "2329"]
[BlackElo "2314"]
[PlyCount "107"]
[EventDate "2014.10.04"]
[EventType "team-tourn"]
[EventRounds "9"]
[EventCountry "CRO"]
[SourceTitle "CBM 162 Extra"]
[Source "ChessBase"]
[SourceDate "2014.10.17"]
[SourceVersion "1"]
[SourceVersionDate "2014.10.17"]
[SourceQuality "1"]
[WhiteTeam "Djakovo"]
[BlackTeam "Sesvete"]
[WhiteTeamCountry "CRO"]
[BlackTeamCountry "CRO"]

1. e4 c5 2. Nf3 d6 3. Bc4 Nf6 4. d3 Nc6 5. 0-0 e6 6. c3 Be7 7. Re1 0-0 8. Bb3 Re8 9. d4 d5 10. e5 Nd7 11. Be3 b5 12. Nbd2 cxd4 13. cxd4 Na5 14. Bc2 Nc4 15. a4 Nxe3 16. Rxe3 bxa4 17. Rxa4 Nb6 18. Ra2 a5 19. h4 g6 20. h5 Bf8 21. Nh2 Qh4 22. Ng4 Bg7 23. Rh3 Qg5 24. Nf3 Qxg4 25. Rh4 Qxh4 26. Nxh4 Bd7 27. Ra3 Rec8 28. Rh3 Be8 29. Nf3 Nc4 30. hxg6 hxg6 31. Ng5 Nxb2 32. Qe2 Rab8 33. Bb3 a4 34. Qxb2 Rc4 35. Qa2 Rxd4 36. Bc2 Bxe5 37. Nf3 Rb2 38. Qxb2 Rd1+ 39. Bxd1 Bxb2 40. Nd2 Bb5 41. Nb1 d4 42. Na3 Bc6 43. Be2 e5 44. Nc4 Bd7 45. Rg3 Bc1 46. Nxe5 Bf4 47. Nxd7 Bxg3 48. fxg3 a3 49. Bc4 d3 50. Kf2 Kg7 51. Ke3 Kh6 52. Kxd3 Kg5 53. Ke3 Kg4 54. Kf2 1-0

[Event "Zupanja op"]
[Site "Zupanja"]
[Date "2014.08.24"]
[Round "7"]
[White "Stojanovic, Dalibor"]
[Black "Vargic, Drago"]
[Result "1/2-1/2"]
[WhiteElo "2503"]
[BlackElo "2329"]
[PlyCount "111"]
[EventDate "2014.08.24"]
[EventType "swiss"]
[EventRounds "9"]
[EventCountry "CRO"]
[SourceTitle "EXT 2016"]
[Source "ChessBase"]
[SourceDate "2015.10.08"]
[SourceVersion "1"]
[SourceVersionDate "2015.10.08"]
[SourceQuality "1"]

1. e4 e6 2. d4 d5 3. Nc3 Nf6 4. Bg5 dxe4 5. Nxe4 Be7 6. Bxf6 gxf6 7. Nf3 Nd7 8. g3 c6 9. Bg2 Qb6 10. b3 f5 11. Ned2 c5 12. dxc5 Nxc5 13. 0-0 Bd7 14. Nc4 Qc7 15. Nfe5 h5 16. Nxd7 Nxd7 17. Qf3 0-0-0 18. a4 h4 19. a5 hxg3 20. hxg3 a6 21. Rfd1 Nc5 22. Rxd8+ Rxd8 23. Rd1 Ne4 24. Rxd8+ Qxd8 25. Qe2 Qd4 26. Bxe4 fxe4 27. c3 Qd3 28. Qxd3 exd3 29. Kf1 Bf6 30. Nd6+ Kd7 31. Ne4 Bg7 32. Nc5+ Kc6 33. Nxd3 Bxc3 34. Ke2 f5 35. Nf4 Kd6 36. g4 Bxa5 37. f3 fxg4 38. fxg4 Bd8 39. Kd3 b5 40. Ne2 Bf6 41. Ng3 Be5 42. Ne4+ Kd5 43. g5 a5 44. g6 Bg7 45. Nc3+ Kc5 46. Ne4+ Kb4 47. Kc2 a4 48. bxa4 bxa4 49. Kb1 Kc4 50. Ka2 Kd5 51. Ng3 Bf8 52. Nh5 e5 53. g7 Bxg7 54. Nxg7 e4 55. Nf5 Ke5 56. Ne3 1/2-1/2